Animals: No Bowels - Statistics

General Stats
  • This quiz has been taken 8 times
  • The average score is 9 of 16
Answer Stats
Picture Answer % Correct
Pallid Bat
100%
Ostrich
86%
Squirrel Monkey
86%
Giraffe
71%
Hippopotamus
71%
Rattlesnake
71%
Cattle
57%
Dolphin
57%
Elephant
57%
Beaver
43%
Magellenic Penguin
43%
Manta Ray
43%
California Sea Lion
29%
Dromedary Camel
29%
Cassowary
14%
Cheetah
14%
No matching quizzes found
Score Distribution
Percent of People with Each Score
Percentile by Number Answered
Your Score History
You have not taken this quiz